Hodnotenie nástrojov predvstupovej pomoci EÚ - východiská pre riadenie a využívanie štrukturálnych fondov v SR

Finančná pomoc zo strany Európskej únie realizovaná prostredníctvom predvstupových nástrojov - programy PHARE, ISPA a SAPARD. Čerpanie prostriedkov z programu PHARE. Čerpanie prostriedkov z programu ISPA. Čerpanie prostriedkov z programu SAPARD. Systém riadenia jednotlivých programov. Hodnotenie rea...

ver descrição completa

Na minha lista:
Detalhes bibliográficos
Autor principal: Alexy, Martin, 1976-
Outros Autores: Lauko, Marcel
Formato: Capítulo de Livro
Idioma:eslovaco
Assuntos:
Tags: Adicionar Tag
Sem tags, seja o primeiro a adicionar uma tag!

MARC

LEADER 00000naa$a2200000$$$4500
001 0038814
005 20240502071501.5
041 0 |a slo 
044 |a SK 
245 1 0 |a Hodnotenie nástrojov predvstupovej pomoci EÚ - východiská pre riadenie a využívanie štrukturálnych fondov v SR  |c Martin Alexy, Marcel Lauko 
520 |a Finančná pomoc zo strany Európskej únie realizovaná prostredníctvom predvstupových nástrojov - programy PHARE, ISPA a SAPARD. Čerpanie prostriedkov z programu PHARE. Čerpanie prostriedkov z programu ISPA. Čerpanie prostriedkov z programu SAPARD. Systém riadenia jednotlivých programov. Hodnotenie realizácie programov. Hodnotenie zo strany EÚ. 
610 2 0 |a fondy štruktúrne 
610 2 0 |a pomoc finančná 
610 2 0 |a Európska únia 
610 2 0 |a Slovensko 
610 2 0 |a programy 
610 2 0 |a riadenie 
610 2 0 |a PHARE 
610 2 0 |a ISPA 
610 2 0 |a SAPARD 
100 1 |a Alexy, Martin, 1976- 
700 1 |a Lauko, Marcel